<?xml version="1.0" encoding="UTF-8"?>
<record
    xmlns:xsi="http://www.w3.org/2001/XMLSchema-instance"
    xsi:schemaLocation="http://www.loc.gov/MARC21/slim http://www.loc.gov/standards/marcxml/schema/MARC21slim.xsd"
    xmlns="http://www.loc.gov/MARC21/slim">

  <leader>00302nam a2200121Ia 4500</leader>
  <controlfield tag="008">191201s2007    xx            000 0 und d</controlfield>
  <datafield tag="100" ind1=" " ind2=" ">
    <subfield code="a">KAMTHANE, Ashok N</subfield>
  </datafield>
  <datafield tag="245" ind1=" " ind2="0">
    <subfield code="a">Introduction to data structures in c</subfield>
  </datafield>
  <datafield tag="250" ind1=" " ind2=" ">
    <subfield code="a">imp</subfield>
  </datafield>
  <datafield tag="260" ind1=" " ind2=" ">
    <subfield code="c">2007</subfield>
    <subfield code="b">Pearson</subfield>
    <subfield code="a">NEW DELHI</subfield>
  </datafield>
  <datafield tag="300" ind1=" " ind2=" ">
    <subfield code="a">484</subfield>
  </datafield>
  <datafield tag="942" ind1=" " ind2=" ">
    <subfield code="2">ddc</subfield>
    <subfield code="c">BK</subfield>
    <subfield code="0">11</subfield>
  </datafield>
  <datafield tag="999" ind1=" " ind2=" ">
    <subfield code="c">7983</subfield>
    <subfield code="d">7983</subfield>
  </datafield>
  <datafield tag="952" ind1=" " ind2=" ">
    <subfield code="0">0</subfield>
    <subfield code="1">0</subfield>
    <subfield code="2">ddc</subfield>
    <subfield code="4">0</subfield>
    <subfield code="7">0</subfield>
    <subfield code="8">BCA</subfield>
    <subfield code="a">PIET</subfield>
    <subfield code="b">PIET</subfield>
    <subfield code="d">2019-05-15</subfield>
    <subfield code="e">Kirti Prakashan</subfield>
    <subfield code="g">579.00</subfield>
    <subfield code="k">IN3880</subfield>
    <subfield code="l">4</subfield>
    <subfield code="o">005.133 KAI</subfield>
    <subfield code="p">BC1296</subfield>
    <subfield code="r">2022-09-21 00:00:00</subfield>
    <subfield code="s">2022-09-07</subfield>
    <subfield code="v">393.72</subfield>
    <subfield code="w">2019-05-15</subfield>
    <subfield code="y">BK</subfield>
  </datafield>
  <datafield tag="952" ind1=" " ind2=" ">
    <subfield code="0">0</subfield>
    <subfield code="1">0</subfield>
    <subfield code="2">ddc</subfield>
    <subfield code="4">0</subfield>
    <subfield code="7">0</subfield>
    <subfield code="8">BCA</subfield>
    <subfield code="a">PIET</subfield>
    <subfield code="b">PIET</subfield>
    <subfield code="d">2019-05-15</subfield>
    <subfield code="e">Kirti Prakashan</subfield>
    <subfield code="g">579.00</subfield>
    <subfield code="k">IN3880</subfield>
    <subfield code="l">4</subfield>
    <subfield code="o">005.133 KAI</subfield>
    <subfield code="p">BC1297</subfield>
    <subfield code="r">2025-11-26 00:00:00</subfield>
    <subfield code="s">2025-11-19</subfield>
    <subfield code="v">393.72</subfield>
    <subfield code="w">2019-05-15</subfield>
    <subfield code="y">BK</subfield>
  </datafield>
  <datafield tag="952" ind1=" " ind2=" ">
    <subfield code="0">0</subfield>
    <subfield code="1">0</subfield>
    <subfield code="2">ddc</subfield>
    <subfield code="4">0</subfield>
    <subfield code="7">0</subfield>
    <subfield code="8">BCA</subfield>
    <subfield code="a">PIET</subfield>
    <subfield code="b">PIET</subfield>
    <subfield code="d">2019-05-15</subfield>
    <subfield code="e">Kirti Prakashan</subfield>
    <subfield code="g">579.00</subfield>
    <subfield code="k">IN3880</subfield>
    <subfield code="l">1</subfield>
    <subfield code="o">005.133 KAI</subfield>
    <subfield code="p">BC1298</subfield>
    <subfield code="r">2023-02-08 00:00:00</subfield>
    <subfield code="s">2023-02-01</subfield>
    <subfield code="v">393.72</subfield>
    <subfield code="w">2019-05-15</subfield>
    <subfield code="y">BK</subfield>
  </datafield>
  <datafield tag="952" ind1=" " ind2=" ">
    <subfield code="0">0</subfield>
    <subfield code="1">0</subfield>
    <subfield code="2">ddc</subfield>
    <subfield code="4">0</subfield>
    <subfield code="7">0</subfield>
    <subfield code="8">BCA</subfield>
    <subfield code="a">PIET</subfield>
    <subfield code="b">PIET</subfield>
    <subfield code="d">2019-05-15</subfield>
    <subfield code="e">Kirti Prakashan</subfield>
    <subfield code="g">579.00</subfield>
    <subfield code="k">IN3880</subfield>
    <subfield code="l">3</subfield>
    <subfield code="o">005.133 KAI</subfield>
    <subfield code="p">BC1299</subfield>
    <subfield code="r">2022-04-14 00:00:00</subfield>
    <subfield code="s">2022-04-05</subfield>
    <subfield code="v">393.72</subfield>
    <subfield code="w">2019-05-15</subfield>
    <subfield code="y">BK</subfield>
  </datafield>
  <datafield tag="952" ind1=" " ind2=" ">
    <subfield code="0">0</subfield>
    <subfield code="1">0</subfield>
    <subfield code="2">ddc</subfield>
    <subfield code="4">0</subfield>
    <subfield code="7">0</subfield>
    <subfield code="8">BCA</subfield>
    <subfield code="a">PIET</subfield>
    <subfield code="b">PIET</subfield>
    <subfield code="d">2019-05-15</subfield>
    <subfield code="e">Kirti Prakashan</subfield>
    <subfield code="g">579.00</subfield>
    <subfield code="k">IN3880</subfield>
    <subfield code="l">2</subfield>
    <subfield code="o">005.133 KAI</subfield>
    <subfield code="p">BC1300</subfield>
    <subfield code="r">2022-06-07 00:00:00</subfield>
    <subfield code="s">2022-05-24</subfield>
    <subfield code="v">393.72</subfield>
    <subfield code="w">2019-05-15</subfield>
    <subfield code="y">BK</subfield>
  </datafield>
</record>
